00357nam a2200121Ia 45000010005000000080041000050820023000461000041000692450059001102600024001699010027001939990015002203270241024s9999 xx 000 0 und d aRD/610/SE456r/2012 aSeguro Médico para Maestros, SEMMA 0aRetiro de buzones sobre levantamiento de información bSanto Domingoc2012 a9/9/2013 11:47:45 a.m. c8100d8100